000 01780nam0a22003131 4500
001 RU\NLR\INFOCOMM_223\5000047077
005 20250613094308.0
035 _a(NLR Aleph) 009250166
090 _a8980016
_c8980016
100 _a20100724d1970 |||y0rusy50 ca
101 0 _afre
102 _aRU
105 _ay ||||000|y
200 1 _aLes principes fondamentaux, l'orientation et les formes de la coopération de l'Union Soviétique avec les pays en voie de développement
_f[Par] D. Degtiar ...
_gPartie soviétique du Séminaire international de l'ONU sur le problèmes de la coop. techn. et financière pour les représentants des pays en voie de développement d'Afrique, d'Asie et d'Amérique Latine sur les thème: "L'aide techno. et financière soviétique aux pays en voie de développement. Les méthodes du développement économique de l'URSS"
210 _aΜ.
_cAcad. des sciences de l'USSR
_d1970
215 _a35 с.
_d20 см
309 _aОтпечат. множит. аппаратом
606 _aРазвивающиеся страны
_xЭкономические взаимоотношения
_yСССР
_2nlr_sh1
607 _aСССР
_xЭкономические взаимоотношения
_xРазвивающиеся страны
_2nlr_sh1
686 _aЭ1-301-25
_2rubbk
686 _aЭ1-70
_2rubbk
700 1 _9z01790
_aDegtjar'
_bD. D.
_f1904-
_gDmitrij Danilovič
_4070
712 1 2 _aSéminaire international sur les problèmes de la coopération technique et financière pour les représentants des pays en voie de développement d'Asie, d'Afrique et d'Amérique Latine
_f1970
_4570
790 1 _9z01700
_aDegtiar
_bD.
_4070
801 1 _aRU
_bNLR
_c20100724
801 0 _aRU
_bNLR
_gPSBO
852 _aNLR
_jЭк21 Д-4/98
942 _cBOOK
980 _aNB